[Event "El Sauzal op 8th"]
[Site "El Sauzal"]
[Date "2007.11.03"]
[Round "2"]
[White "Gonzalo Batista, Jose"]
[Black "Garcia Padron, Jose"]
[Result "0-1"]
[WhiteElo "1990"]
[BlackElo "2420"]
[PlyCount "28"]
[EventDate "2007.11.03"]
[EventType "swiss (rapid)"]
[EventRounds "9"]
[EventCountry "ESP"]
[SourceTitle "CBM 121 Extra"]
[Source "ChessBase"]
[SourceDate "2008.01.10"]
[SourceVersion "1"]
[SourceVersionDate "2008.01.10"]
[SourceQuality "1"]

1. e4 e5 2. Nf3 Nf6 3. Nc3 d6 4. d4 Nbd7 5. Be2 Be7 6. 0-0 c6 7. Be3 0-0 8. Qd2 Re8 9. Nh4 Bf8 10. dxe5 Nxe5 11. f4 Neg4 12. Bd3 Nxe4 13. Nxe4 Qxh4 14. Bd4 Qxh2# 0-1